000 00606cam a22001817a 4500
020 _a0764526154 (pbk.)
040 _cStDuBDS
082 0 0 _a005 WIL 2003 A006 Or.
100 1 _aWalsh, Aaron E.
245 1 0 _aJ2EE 1.4 Essentials /
260 _aNew York :
_bWiley Pub.,
_cc2003.
300 _axxiii, 452 p. :
_bill. ;
_c24cm.
650 0 _aJava (Computer program language)
856 4 2 _uhttp://www.loc.gov/catdir/bios/wiley046/2002114841.html
856 4 2 _uhttp://www.loc.gov/catdir/description/wiley039/2002114841.html
856 4 1 _uhttp://www.loc.gov/catdir/toc/wiley031/2002114841.html
942 _cEK
999 _c11959
_d11959